| 000 | 00700cam a22002413a 4500 | ||
|---|---|---|---|
| 001 | 17999 | ||
| 003 | PGUSA | ||
| 005 | 20140828083401.0 | ||
| 008 | 060318s2006||||xxu|||||s|||||000 1 eng d | ||
| 040 |
_aPGUSA _beng |
||
| 042 | _adc | ||
| 050 | 4 | _aPS | |
| 100 | 1 |
_aGreen, Anna Katharine, _d1846-1935 |
|
| 245 | 1 | 4 |
_aThe Chief Legatee _h[electronic resource] / _cAnna Katharine Green |
| 260 |
_bProject Gutenberg, _c2006 |
||
| 506 | _aPublic domain in the USA. | ||
| 516 | _aElectronic text | ||
| 653 | _aInheritance and succession -- Fiction | ||
| 653 | _aDetective and mystery stories | ||
| 830 | 0 |
_aProject Gutenberg _v17999 |
|
| 856 | 4 | 0 | _uhttp://www.gutenberg.org/ebooks/17999 |
| 942 | _cEB | ||
| 999 |
_c247254 _d247254 |
||